| 000 | 00895cam a22002893a 4500 | ||
|---|---|---|---|
| 001 | 4774 | ||
| 003 | PGUSA | ||
| 005 | 20140828083108.0 | ||
| 008 | 031201s2003||||xxu|||||s|||||000 | eng d | ||
| 040 |
_aPGUSA _beng |
||
| 042 | _adc | ||
| 050 | 4 | _aPR | |
| 100 | 1 |
_aShakespeare _q(spurious and doubtful works), _d1564-1616 |
|
| 245 | 1 | 4 |
_aThe Merry Devill of Edmonton _h[electronic resource] / _cShakespeare |
| 260 |
_bProject Gutenberg, _c2003 |
||
| 506 | _aPublic domain in the USA. | ||
| 516 | _aElectronic text | ||
| 653 | _aEdmonton (London, England) -- Drama | ||
| 653 | _aShakespeare, William, 1564-1616 -- Spurious and doubtful works | ||
| 653 | _aAbduction -- Drama | ||
| 653 | _aComedies | ||
| 653 | _aPoaching -- Drama | ||
| 653 | _aFabell, Peter, 15th cent -- Drama | ||
| 830 | 0 |
_aProject Gutenberg _v4774 |
|
| 856 | 4 | 0 | _uhttp://www.gutenberg.org/ebooks/4774 |
| 942 | _cEB | ||
| 999 |
_c234103 _d234103 |
||